| 000 | 00986 a2200193 4500 | ||
|---|---|---|---|
| 020 | _a0030196043 (hardcover) | ||
| 020 | _a9780030196041 (hardcover) | ||
| 082 | 0 | 4 | _a658.421 |
| 090 |
_c5247 _d5247 |
||
| 100 | 1 | _aKuratko, Donald F. | |
| 245 | 1 | 0 |
_aEntrepreneurship : _ba contemporary approach / _cDonald F. Kuratko, Richard M. Hodgetts. |
| 250 | _a5th ed. | ||
| 260 |
_a[S.l.] : _bSouth-Western Pub, _c2000. |
||
| 300 |
_a752 p. ; _c27 cm. |
||
| 520 | _aThis market leader was the first of its kind to cover entrepreneurship in one entire text. Its practical step-by-step approach helps develop entrepreneurial skills. The revision of this successful text features the Internet and a chapter on "Quality and the Human Factor," as well as current management themes that will keep the text at the forefront of the market. | ||
| 700 | 1 | _aHodgetts, Richard M. | |
| 856 | 4 | 0 |
_3Amazon.com _uhttp://www.amazon.com/exec/obidos/ASIN/0030196043/chopaconline-20 |
| 942 |
_aNBS _cBK _k658.421 KUR |
||
| 999 |
_c347662 _d347662 |
||